000 00875nam a22002897a 4500
001 BR8703337
003 BR-BrBNA
005 20230928092605.0
007 ta
008 230509b bl.||||| |||| 00| 0 por d
040 _aBR-BrBNA
_bpor
_cBiblioteca Nacional de Agricultura
041 _a(Por)
072 _aF01
_b0210
_b/G514
090 _ 0210 BR8703337
100 1 _aCorreia, L.G.
100 1 _aSouza, R.F. de
100 1 _aSantos, H.L. dos
110 1 _aEmpresa de Assistencia Tecnica e Extensao Rural do Estado de Minas Gerais, Belo Horizonte (Brasil)
245 1 _aResultados do concurso de produtividade de batata em Conselheiro Lafaiete - Minas Gerais
260 3 _aBelo Horizonte, MG (Brasil):
_c[nd].
300 _a3 p.
650 _aBATATA
650 _aRENDIMENTO
650 _aMINAS GERAIS
909 _a202309
_bLucia
_c55
_dLucia Elande
942 _cBK
999 _c40015
_d40015